000 00663nam a2200181 i 4500
001 bg
100 1 _aBORYSEWICZ, Wacław
245 0 _aTeoretyczne podstawy hydraulicznych układów pulsacyjnych /
_cW. Borysewicz.
260 _aWrocław,
_c1984.
490 1 _aPrace NAukowe Instytutu Konstrukcji i Eksploatacji Maszyn Politechniki Wrocławskiej. Monografie,
_x0324-926X ;
_v10
500 _aNumeracja ser. gł. : 40.
830 0 _aPrace NAukowe Instytutu Konstrukcji i Eksploatacji Maszyn Politechniki Wrocławskiej.
_pMonografie ;
_v10
040 _cBPK
041 _apol
080 _a621.6:532
942 _cKS
008 s pl f |000 0 pol
999 _c23272
_d23272
856 _uhttp://koha.tu.koszalin.pl/cgi-bin/koha/opac-detail.pl?biblionumber=23272
_yKatalog online BPK